| 000 | 01321nam0a22002531 4500 | ||
|---|---|---|---|
| 001 | rc\30031 | ||
| 005 | 20260406152841.0 | ||
| 035 | _a(NLR Aleph) 005396150 | ||
| 090 |
_a7228826 _c7228826 |
||
| 100 | _a20021216d1992 |||y0rusy50 ca | ||
| 101 | 0 | _arus | |
| 102 | _aRU | ||
| 105 | _ay ||||||||| | ||
| 200 | 1 |
_aТезисы докладов научной сессии, посвященной итогам экспедиционных исследований института ИЯЛ в 1990-1991 гг., 16-17 июня 1992 г. _eРос. акад. наук. Даг. науч. центр. Ин-т истории, археологии и этнографии; Ин-т яз., лит. и искусства им. Г. Цадасы |
|
| 210 |
_aМахачкала _cДНЦ РАН _d1992 |
||
| 215 |
_a100 с. _d20 |
||
| 320 | _aИмен. указ.: с. 178-179 | ||
| 710 | 0 | 2 |
_aИнститут языка, литературы и искусства им. Г. Цадасы _bНаучная сессия, посвященная итогам экспедиционных исследований Института в 1990-1991 гг. _cМахачкала _f1992 _9352232 _3RU\NLR\AUTH\889928302 |
| 801 | 0 |
_aRU _bNLR _gpsbo |
|
| 801 | 1 |
_aRU _bELAR _2rusmarc |
|
| 852 |
_aNLR _j92-3/6123 |
||
| 942 | _cBOOK | ||
| 980 | _aNB | ||